| 000 | 00462nam a2200181Ia 4500 | ||
|---|---|---|---|
| 008 | 240925s9999 xx 000 0 und d | ||
| 020 | _a9788126564347 | ||
| 082 | _a657 WEY | ||
| 100 | _aWeygandt, Jerry J.; Kimmel, Paul D. | ||
| 245 | 0 | _aAccounting Principles | |
| 250 | _a12th | ||
| 260 |
_aNew Delhi: _bWiley Eastern _c,2016. |
||
| 300 |
_a675p. _b0 _fOriginal |
||
| 500 | _aIncludes Index | ||
| 600 | _aManagement | ||
| 650 | _aAccounting | ||
| 942 | _cBK | ||
| 999 |
_c15331 _d15331 |
||